| 000 | 01982nam0a22003131 4500 | ||
|---|---|---|---|
| 001 | rc\1714992 | ||
| 005 | 20260406111218.0 | ||
| 035 | _a(NLR Aleph) 005289974 | ||
| 090 |
_a6180423 _c6180423 |
||
| 100 | _a20061002d1900 |||y0rusy50 ca | ||
| 101 | 0 | _arus | |
| 102 | _aRU | ||
| 105 | _aa z ||||| | ||
| 200 | 1 |
_aК учению о гистологическом строении сифилидов кожи кондиломатозного и гуммозного периодов (розеолы, папулы и бугорка) _eКлинико-гистол. исслед. _eДис. на степ. д-ра мед. В.В. Иванова _fИз Сифилидол. и дерматол. клиники проф. Т.П. Павлова |
|
| 210 |
_aСанкт-Петербург _cТ-во худ. печати _d1900 |
||
| 215 |
_a[2], 177, [7] с., [3] л. ил. _d22 |
||
| 225 | 1 |
_aСерия докторских диссертаций, допущенных к защите в Императорской Военно-медицинской академии в 1900-91[!] учебном году _v№ 7 |
|
| 320 | _aБиблиогр.: "Литературный указатель" (с. 175-177) | ||
| 532 | 1 | 3 | _aК учению о гистологическом строении сифилидов кожи кондиломатозного и гуммозного периодов (розеолы, папулы и бугорка) |
| 700 | 1 |
_7ca _8rus _aИванов _bВ. В. _cвенеролог _f1873-1931 _gВладимир Владимирович _9105074 _3RU\NLR\AUTH\77122149 |
|
| 702 | 1 |
_4570 _7ca _8rus _aПавлов _bТ. П. _cд-р медицины _f1860-1932 _gТимофей Павлович _9101807 _3RU\NLR\AUTH\77118882 |
|
| 801 | 0 |
_aRU _bNLR _c20061002 _gpsbo |
|
| 801 | 0 |
_aRU _bRuMoRGB _c20061002 _2psbo |
|
| 801 | 1 |
_aRU _bProSoft-M _c20061002 _2rusmarc |
|
| 801 | 2 |
_aRU _bNLR _c20130410 _2rusmarc |
|
| 852 |
_aNLR _j20.49.2.234 |
||
| 942 | _cBOOK | ||
| 980 | _aNB | ||